000 00284nam a22001337a 4500
003 SGT
082 _a615.53
_bCH16S
100 _aSHARMA, PRIYAVIRUT
245 _aCHIKITSHA KALIKA
260 _aVARANSI
_bCHAUKHAMBHA PUB
_c2016
300 _a88
650 _aAYURVEDA
942 _2ddc
_cBK
999 _c11481
_d11481